<?xml version="1.0" encoding="UTF-8"?>
<record
    xmlns:xsi="http://www.w3.org/2001/XMLSchema-instance"
    xsi:schemaLocation="http://www.loc.gov/MARC21/slim http://www.loc.gov/standards/marcxml/schema/MARC21slim.xsd"
    xmlns="http://www.loc.gov/MARC21/slim">

  <leader>00783nam a22001817a 4500</leader>
  <datafield tag="999" ind1=" " ind2=" ">
    <subfield code="c">59152</subfield>
    <subfield code="d">59152</subfield>
  </datafield>
  <controlfield tag="003">Ge_BSU</controlfield>
  <controlfield tag="005">20221201103638.0</controlfield>
  <controlfield tag="008">221201s1980ge  xxu||||| |||| 00| 0 geo d</controlfield>
  <datafield tag="041" ind1=" " ind2=" ">
    <subfield code="a">geo</subfield>
  </datafield>
  <datafield tag="080" ind1=" " ind2=" ">
    <subfield code="a">821.111-31 &#x10E1;-61</subfield>
  </datafield>
  <datafield tag="100" ind1=" " ind2=" ">
    <subfield code="a">&#x10E1;&#x10DC;&#x10DD;&#x10E3;, &#x10E9;&#x10D0;&#x10E0;&#x10DA;&#x10D6; &#x10DE;., &#x10D0;&#x10D5;&#x10E2;.</subfield>
    <subfield code="9">16261</subfield>
  </datafield>
  <datafield tag="245" ind1=" " ind2=" ">
    <subfield code="a">&#x10E1;&#x10D8;&#x10D9;&#x10D5;&#x10D3;&#x10D8;&#x10DA;&#x10D8; &#x10D8;&#x10D0;&#x10DA;&#x10E5;&#x10DC;&#x10D8;&#x10E1; &#x10E5;&#x10D5;&#x10D4;&#x10E8; :</subfield>
    <subfield code="b"> [&#x10E0;&#x10DD;&#x10DB;&#x10D0;&#x10DC;&#x10D8;] /</subfield>
    <subfield code="c"> &#x10E9;&#x10D0;&#x10E0;&#x10DA;&#x10D6; &#x10DE;.&#x10E1;&#x10DC;&#x10DD;&#x10E3;, &#x10D7;&#x10D0;&#x10E0;&#x10D2;&#x10DB;&#x10DC;&#x10D0;: &#x10DC;. &#x10E4;&#x10D0;&#x10D5;&#x10DA;&#x10D4;&#x10DC;&#x10D8;&#x10E8;&#x10D5;&#x10D8;&#x10DA;&#x10DB;&#x10D0;.</subfield>
  </datafield>
  <datafield tag="264" ind1=" " ind2=" ">
    <subfield code="a">&#x10D7;&#x10D1;&#x10D8;&#x10DA;&#x10D8;&#x10E1;&#x10D8; :</subfield>
    <subfield code="b">&#x10E1;&#x10D0;&#x10D1;&#x10ED;. &#x10E1;&#x10D0;&#x10E5;&#x10D0;&#x10E0;&#x10D7;&#x10D5;&#x10D4;&#x10DA;&#x10DD;,</subfield>
    <subfield code="c">1980.</subfield>
  </datafield>
  <datafield tag="300" ind1=" " ind2=" ">
    <subfield code="a">240 &#x10D2;&#x10D5;. ; </subfield>
    <subfield code="b">20 &#x10E1;&#x10DB;.</subfield>
  </datafield>
  <datafield tag="653" ind1=" " ind2=" ">
    <subfield code="a">&#x10E0;&#x10DD;&#x10DB;&#x10D0;&#x10DC;&#x10D8;</subfield>
  </datafield>
  <datafield tag="700" ind1=" " ind2=" ">
    <subfield code="4">&#x10E4;&#x10D0;&#x10D5;&#x10DA;&#x10D4;&#x10DC;&#x10D8;&#x10E8;&#x10D5;&#x10D8;&#x10DA;&#x10D8;,  &#x10DC;.</subfield>
    <subfield code="e">&#x10DB;&#x10D7;&#x10D0;&#x10E0;&#x10D2;&#x10DB;&#x10DC;&#x10D4;&#x10DA;&#x10D8;</subfield>
    <subfield code="9">16262</subfield>
  </datafield>
  <datafield tag="942" ind1=" " ind2=" ">
    <subfield code="2">udc</subfield>
    <subfield code="c">BK</subfield>
  </datafield>
  <datafield tag="952" ind1=" " ind2=" ">
    <subfield code="0">0</subfield>
    <subfield code="1">0</subfield>
    <subfield code="2">udc</subfield>
    <subfield code="4">0</subfield>
    <subfield code="6">82111131_&#x10E1;61</subfield>
    <subfield code="7">0</subfield>
    <subfield code="9">93138</subfield>
    <subfield code="a">CPL</subfield>
    <subfield code="b">CPL</subfield>
    <subfield code="c">GEN</subfield>
    <subfield code="d">2022-12-01</subfield>
    <subfield code="g">6.00</subfield>
    <subfield code="o">821.111-31 &#x10E1;-61</subfield>
    <subfield code="p">63231</subfield>
    <subfield code="r">2022-12-01</subfield>
    <subfield code="t">63231</subfield>
    <subfield code="w">2022-12-01</subfield>
    <subfield code="y">BK</subfield>
    <subfield code="z">6.00</subfield>
  </datafield>
</record>
